Indiánske leto Roba Grigorova

Bibliographic Details
Main Authors: Grigorov, Robo, 1964- (Author), Ťapajová, Elena, 1944-2023 (Author)
Format: Article
Language:Slovak
PhysicalDescription:Obr. 1.
Subjects:

MARC

LEADER 00000nab a2200000 a 4500
001 vtls000425723
003 SK-MaSNL
005 20260304040342.0
008 160215c1991 xo 0 slo
015 |a SNBRB19rr/mm-uuuuu 
035 |a CL0425851 
040 |a SNKBUCL  |b slo  |c SNKBUCL  |e AACR2 
041 0 |a slo 
044 |a xo  |c SK 
080 |a 78.071.2:784.66  |2 1981 
080 |a 784.66  |2 1981 
080 |a 323.113(493=854)  |2 1981 
080 |a 929 Grigorov, Robo  |2 1981 
100 1 |a Grigorov, Robo,  |d 1964-  |4 aut  |9 98851 
245 1 0 |a Indiánske leto Roba Grigorova  |c Robo Grigorov, Elena Ťapajová 
300 |b Obr. 1. 
600 1 7 |a Grigorov, Robo,  |d 1964-  |2 snkbucl  |9 98851 
650 0 7 |a Slováci v zahraničí  |2 snkbucl  |9 14695 
651 7 |a Belgicko  |2 snkbucl  |9 145816 
655 7 |a články z novín a časopisov  |2 snkbucl  |9 267496 
700 1 |a Ťapajová, Elena,  |d 1944-2023  |4 aut  |9 5234 
773 0 |t Slovenka  |g Roč. 43, č. 30 (1991), s. 20 
850 |a Slovenská národná knižnica v Martine  |a MTA001 
852 |a SNK  |b KIS3GCP 
958 |a BX 
958 |a RK 
992 |a RBX 
999 |c 2662839  |d 2664769